Bullying Prevention and Intervention: Realistic strategies for Schools (Record no. 24200)

MARC details
000 -LEADER
fixed length control field 00731nam a22002057a 4500
003 - CONTROL NUMBER IDENTIFIER
control field OSt
005 - DATE AND TIME OF LATEST TRANSACTION
control field 20260612151908.0
008 - FIXED-LENGTH DATA ELEMENTS--GENERAL INFORMATION
fixed length control field 260612b |||||||| ||9| 00| 0 eng d
020 ## - INTERNATIONAL STANDARD BOOK NUMBER
International Standard Book Number 9781606230213
040 ## - CATALOGING SOURCE
Transcribing agency Chuka University Library
050 ## - LIBRARY OF CONGRESS CALL NUMBER
Classification number LB 3013.32 .S8 2009
100 ## - MAIN ENTRY--PERSONAL NAME
Personal name Swearer, Susan M.
9 (RLIN) 29029
245 ## - TITLE STATEMENT
Title Bullying Prevention and Intervention: Realistic strategies for Schools
260 ## - PUBLICATION, DISTRIBUTION, ETC.
Place of publication, distribution, etc. New York
Name of publisher, distributor, etc. The Guilford Press
Date of publication, distribution, etc. 2009
300 ## - PHYSICAL DESCRIPTION
Extent Various Paging
Other physical details Illustrations
650 ## - SUBJECT ADDED ENTRY--TOPICAL TERM
Topical term or geographic name entry element Bullying in school-United States-Prevention
9 (RLIN) 29030
650 ## - SUBJECT ADDED ENTRY--TOPICAL TERM
Topical term or geographic name entry element Bullying in Schools-United States-Psychological aspect
9 (RLIN) 29031
700 ## - ADDED ENTRY--PERSONAL NAME
Personal name Dorothy L. Espelage , Scott A. Napolitano
9 (RLIN) 29032
942 ## - ADDED ENTRY ELEMENTS (KOHA)
Source of classification or shelving scheme Library of Congress Classification
Koha item type Long Loan Books
Suppress in OPAC No
Holdings
Withdrawn status Lost status Source of classification or shelving scheme Damaged status Not for loan Collection Home library Current library Shelving location Date acquired Source of acquisition Cost, normal purchase price Total Checkouts Full call number Barcode Date last seen Price effective from Koha item type
    Library of Congress Classification     General Collection Books Main Campus Library Main Campus Library General Stacks 12/06/2026 Donation from Books for Africa 4898.61   LB 3013.32 .S8 2009 34243/2026 12/06/2026 12/06/2026 Long Loan Books

Powered by Koha